01922ngm a2200313 i 450000500170000000700100001700800570002702000180008402000180010204000350012004100080015508200210016311000370018424500460022125000220026726400350028930000540032433600570037833700230043533800310045849000360048952008670052552100370139265000590142965000460148865000460153494200130158099900150159320220317000147.0vd cv|ius000030s2005 ck j s vcspa d spa a9781563317109 a7705127003141 aCO-BoRNBPbspacCO-BoRNBPerda0 aspa04a599.75bD37g2232 aDiscovery Communications919013010aGrandes felinoscDiscovery Communications aPrimera edición 1aBogotábMS Tv & Videosc2005 a1 DVD (48 minutos)bsonido, color, digitalc19 cm 2rdacontentaimagen en movimiento bidimensional btdi 2rdamediaavideobv 2rdacarrieravideodiscobvd0 aDiscovery Channel en la escuela aInvestigaciones arqueológicas demuestran que los primeros humanos tuvieron una estrecha relación con los felinos primigenios, ya que {82}stos hicieron un aporte permanente a la evolución del hombre, cuando este comenzó a usar los colmillos de los felinos, entre otras cosas para la caza. Además desde siempre, el hombre se ha fascinado por las pieles, las melenas y los huesos de estos magníficos animales. Asombrosas imágenes, tanto antiguas como contemporáneas muestran a los grandes felinos en su hábitat natural, su hábitos sociales y alimenticios, familiares y anatómicos. Así mismo las increíbles imágenes que se muestran en este documental, analizan las diferentes características, así como la variedad de tamaños y pieles, su relación con la presa y como pasan de victimarios a víctimas en sus entornos con el hombre aRecomendado desde los 15 años17aAnimales predadoresxHábitos y conductavDVD2ARMARC17aLeonesxHábitos y conductavDVD2ARMARC17aTigresxHábitos y conductavDVD2ARMARC 2ddccDVD c3268d3268